000 00556nam a2200157 i 4500
001 68474
003 ES-MaACL
005 20230906170307.0
007 t|
008 040629s1879 sp ||||1| spa d
100 1 _aGarcía de Torres, Juan.
_954497
245 1 0 _aVoto particular presentado por don Juan García de Torres al Dictamen de la Junta creada por Real Decreto de 1º de enero de 1879 para proponer reformas en la venta de tabacos.
260 _aMadrid :
_b[s.n.],
_c1879.
650 4 _aEstanco del tabaco.
_9150129
852 _aES-MaACL
_jT-1287-F-3
999 _c68474
_d68474